000 00594nam a2200193 i 4500
001 bg
100 1 _aGODYCKI-ĆWIRKO, Tadeusz
245 0 _aProjektowanie elementów konstrukcji żelbetonowych /
_cTadeusz Godycki-Ćwirko, Maria Kamińska, Danuta Ulańska. - Cz. 2.
260 _aŁódź :
_bPolit. Łódzka,
_c1982.
300 _as. 229 :
_brys., tab.
504 _a[Zawiera bibliogr. s. 224-229].
700 1 _aKAMIŃSKA, Maria
700 1 _aULAŃSKA, Danuta
040 _cBPK
041 _apol
080 _a624.01(075.8)
942 _cKS
008 s pl f |000 0 pol
999 _c21229
_d21229
856 _uhttp://koha.tu.koszalin.pl/cgi-bin/koha/opac-detail.pl?biblionumber=21229
_yKatalog online BPK